I convocati dell'Atlético Madrid per la Champions League 2024/2025 - Statistics

Statistiche generali
  • Questo quiz è stato fatto 26 volte
  • Il punteggio medio è 17 su 25
Statistiche sulle risposte
con Immagini Risposta % Corretto
Jan Oblak
100%
Antoine Griezmann
96%
Rodrigo De Paul
96%
Alex Witsel
88%
Julián Álvarez
88%
Marcos Llorente
88%
Ángel Correa
83%
Conor Gallagher
83%
Koke
83%
Alexander Sørloth
79%
César Azpilicueta
71%
Giuliano Simeone
71%
Jose María Giménez
71%
Juan Musso
71%
Clément Lenglet
63%
Nahuel Molina
63%
Thomas Lemar
63%
Robin Le Normand
58%
Pablo Barrios
54%
Samuel Lino
54%
Reinildo
46%
Rodrigo Riquelme
46%
Javi Galán
29%
Géronimo Spina
8%
Alejandro Monserrate
4%
Nessun quiz corrispondente trovato
Distribuzione punteggi
Percentuale di utenti per punteggio
Percentile per numero di risposta
I tuoi punteggi nel tempo
Non hai fatto questo quiz